| 000 | 00949nam a22002657a 4500 | ||
|---|---|---|---|
| 001 | 7477 | ||
| 003 | FISKH | ||
| 005 | 20250815125026.0 | ||
| 008 | 250718b cb ||||| |||| 00| 0 eng d | ||
| 020 | _a9781618102966 | ||
| 040 |
_aFISKH _beng _cFISKH _dFISKH |
||
| 050 | _a PZ7.W55 W555 | ||
| 100 | _aWilliams, Sam | ||
| 245 |
_aIt's my turn / _cBy Sam Williams : Illustrated by Anita DuFalla |
||
| 260 |
_aFlorida : _bRourke Educational Media, _c2013. |
||
| 300 |
_a24 pages : _bcolor illustrations ; _c21 cm . |
||
| 505 | _aF | ||
| 520 | _aThis Title Teaches Students The Importance Of Taking Turns When Playing Games Or Doing Activities. Teaching Focus, Words To Know Before You Read, Comprehension And Extension Activities. | ||
| 521 | 8 |
_a330
_bLexile estimate |
|
| 521 | 8 |
_aF
_bRaz-Plus |
|
| 650 |
_aPicture Book _vJuvenile Literature |
||
| 700 |
_aDuFalla, Anita _eIllustrator |
||
| 942 |
_2ddc _cBK _n0 |
||
| 999 |
_c7477 _d7477 |
||